000 00489nam a22001817a 4500
005 20231206120308.0
008 231205b |||||||| |||| 00| 0 eng d
020 _a9788131712849
082 _a536.7
_bENG
100 _aEngel; Thomas
245 _aThermodynamics, statistical thermodynamics,& Kinetics
_cEngel; Thomas, Philip; Reid.
260 _aIndia
_bPearson
_c2006
300 _a607
500 _aInclude Index
650 _aEngineering
700 _aPhilip; Reid.
999 _c34776
_d34776